Candombe : fiebre de carnaval /
Guardado en:
| Autor Principal: | |
|---|---|
| Otros Autores: | |
| Formato: | Libro |
| Publicado: |
Buenos Aires :
Pequeño editor,
2013
|
| Materias: | |
| Etiquetas: |
Agregar Etiqueta
Sin Etiquetas, Sea el primero en etiquetar este registro!
|
| LEADER | 00712nam a22002415a 4500 | ||
|---|---|---|---|
| 001 | CEM.cems018286 | ||
| 005 | 20140423104254.0 | ||
| 008 | 130507s2013##################000#0#####d | ||
| 003 | CEMS | ||
| 020 | |a 9789871374403 | ||
| 082 | 0 | 4 | |a A868.4 |
| 100 | 1 | |a Bianki (seudónimo) | |
| 245 | 1 | 0 | |a Candombe : |b fiebre de carnaval / |c Diego Bianchi |
| 260 | |a Buenos Aires : |b Pequeño editor, |c 2013 | ||
| 300 | |a 32 p. | ||
| 653 | |a Literatura | ||
| 653 | |a Literatura argentina | ||
| 653 | |a Narrativa | ||
| 653 | |a Narrativa argentina | ||
| 653 | |a Literatura juvenil | ||
| 653 | |a Ministerio de educación-colección literaria | ||
| 700 | 1 | |a Bianchi, Diego | |
| 859 | |a CEMS |b BIB. CEMS - Agricultura |h A868.4 |i B470 |p A2017.14 |t Ej.1 | ||
